| 000 | 00489pam a2200157a 44500 | ||
|---|---|---|---|
| 008 | 230515b2003 xxu||||| |||| 00| 0 eng d | ||
| 020 | _a81-7496-487-8 | ||
| 041 | _aENGL | ||
| 082 | _a330 BHU. | ||
| 100 | _a"BHUTANI P. J.," | ||
| 245 | _aPRINCIPLES OF ECONOMICS | ||
| 250 | _a0 | ||
| 260 |
_aNEW DELHI _bTAXMANN ALLIED SERVICE (P) LTD. _c2003 |
||
| 300 | _aNULL | ||
| 650 | _a"ECONOMICS,DFFINITION, NATURE & SCOPE OF ECONOMICS,LAW OF DEMAND & ELASTICITY OF DEMAND,CONSUMER S BEHAVIOUR" | ||
| 999 |
_c535265 _d535265 |
||